000 00996pam a2200289 a 4500
001 564707
003 mut
005 20240606080949.0
008 890921s1990 maua b 001 0 eng
010 _a 89027998
020 _a0205123260 :
_c$23.00
040 _aDLC
_cDLC
_dDLC
050 0 0 _aPN4121
_b.W46 1990
082 0 0 _a808.5/1
_220
100 1 _aWilson, John Fletcher,
_d1923-
245 1 0 _aPublic speaking as a liberal art /
250 _a6th ed.
260 _aBoston :
_bAllyn and Bacon,
_cc1990.
300 _axvi, 457 p. :
_bill. ;
_c24 cm.
504 _aIncludes bibliographical references and index.
650 0 _aPublic speaking.
700 1 _aArnold, Carroll C.
700 1 _aWertheimer, Molly Meijer.
906 _a7
_bcbc
_corignew
_d1
_eocip
_f19
_gy-gencatlg
942 _2lcc
_cBK
999 _c5108
_d5108